LEADER 00865nam0-22003011i-450- 001 990000102300403321 035 $a000010230 035 $aFED01000010230 035 $a(Aleph)000010230FED01 035 $a000010230 100 $a20011111d--------km-y0itay50------ba 101 0 $aita 105 $ay-------001yy 200 1 $aLocomotives à vapeur$fJoseph Nadal. 210 $aParis$cO. Doin$d1908 215 $aXVI, 315, XII p.$cill.$d19 cm 225 1 $aEncyclopédie scientifique. Bibliothèque de mécanique appliquée et genie 610 0 $aTrazione ferroviaria a vapore 676 $a625.261 700 1$aNadal,$bJoseph$0333017 801 0$aIT$bUNINA$gRICA$2UNIMARC 901 $aBK 912 $a990000102300403321 952 $a13 L 21 09$b1124$fFINBC 959 $aFINBC 996 $aLocomotives à vapeur$9116176 997 $aUNINA DB $aING01